01212cam a2200301 a 4500001001000000003000400010005001700014008004100031020001500072040002500087082001800112100004900130245006000179260007200239300002700311490002000338490006900358586004800427650002900475650004200504830002500546830007600571942001300647952010200660952012100762956001200883999001500895000005952OSt20200929151846.0940222s1992 sp a 001 p spa c a8478201378 aDO-SdBNPbspacBNPHU a861.64bM337a1 aMarín Uriol, Miguel Ángel,d1945-91675910aA la luz del leberinto /cMiguel Ángel Marín Uriol. aZarogoza, España :bInstitución "Fernando el Católico,c1992. a57 p. :bil. ;c25 cm.1 a"San Jorge"v651 aPublicación de la Institución "Fernando el Católico"v1315 aPremio del VII concurso Isabel de Portugal. 4aPoesía española9631 4aLiteratura españolaySIGLO XX93326 0aSan Jorge, 65916761 0aPublicación de la Institución "Fernando el Católico"n1315916762 2ddccLF1 00102ddc50718MOaGRbGRd2009-08-24iLF1l0o861.64 M337ap5952-10r2020-06-25w2020-06-25y1 001150718MOaGRbGRcMId2017-04-06iLF1l0o861.64 M337ap5952-20r2020-06-25te. 2w2020-06-25y1ZNo se presta aLOPEREZ c5748d5748